[Event "14ème OPEN de GUINGAMP"]
[Site "Pabu"]
[Date "2010.02.25"]
[Round "7.1"]
[White "Genov, Petar"]
[Black "Leon Hoyos, Manuel"]
[Result "0-1"]
[WhiteElo "2473"]
[BlackElo "2516"]
[Annotator "Bernard CLOAREC"]
[PlyCount "136"]
[EventDate "2010.??.??"]

1. d4 Nf6 2. Nf3 g6 3. Bg5 Bg7 4. Nbd2 h6 5. Bh4 d6 6. e4 g5 7. Bg3 Nh5 8. c3
e6 9. Ng1 Nxg3 10. hxg3 Nc6 11. Bd3 Bd7 12. g4 Qe7 13. Qf3 O-O-O 14. O-O-O Kb8
15. Ne2 Rc8 16. Ng3 Rhd8 17. Nh5 Bh8 18. Rh3 Na5 19. Nb3 Nxb3+ 20. axb3 c5 21.
d5 Re8 22. Ng3 Bg7 23. Nh5 Be5 24. Ng3 Rh8 25. Rdh1 Qf8 26. Nh5 Rd8 27. dxe6
fxe6 28. Qxf8 Rdxf8 29. f3 b5 30. Ng3 a5 31. Nf1 Bg7 32. Kc2 Kc7 33. Nd2 Ra8
34. Ra1 Ra7 35. Rhh1 Rha8 36. e5 d5 37. Rhe1 a4 38. bxa4 c4 39. Bg6 bxa4 40. g3
Bf8 41. f4 a3 42. bxa3 Bxa3 43. Nf3 gxf4 44. gxf4 Rf8 45. f5 exf5 46. gxf5
Bxf5+ 47. Bxf5 Rxf5 48. Nd4 Rf2+ 49. Ne2 Bc5 50. Rxa7+ Bxa7 51. Kd1 Rf3 52. Rh1
Rd3+ 53. Kc2 Be3 54. Nc1 Rd2+ 55. Kb1 Kd7 56. Re1 Bf4 57. e6+ Ke7 58. Na2 Bd6
59. Rh1 Rh2 60. Re1 h5 61. Nb4 Bxb4 62. cxb4 c3 63. Re5 d4 64. Rd5 Rb2+ 65. Kc1
Rxb4 66. Rxh5 Kxe6 67. Kc2 Rb2+ 68. Kd3 Rd2+ 0-1

[Event "14ème OPEN de GUINGAMP"]
[Site "Pabu"]
[Date "2010.02.25"]
[Round "7.2"]
[White "Jakubowski, Krzysztof"]
[Black "Kazmierczak, Rafal"]
[Result "1-0"]
[WhiteElo "2502"]
[BlackElo "2191"]
[Annotator "Bernard CLOAREC"]
[PlyCount "83"]
[EventDate "2010.??.??"]

1. e4 c5 2. Nf3 d6 3. d4 cxd4 4. Nxd4 Nf6 5. Nc3 g6 6. Be3 Bg7 7. f3 Nc6 8. Bc4
O-O 9. Bb3 Bd7 10. h4 h5 11. Qe2 Na5 12. O-O-O Nxb3+ 13. cxb3 Rc8 14. Kb1 a6
15. Rc1 b5 16. b4 e5 17. Nb3 d5 18. Bg5 dxe4 19. Nxe4 Rxc1+ 20. Rxc1 Bf5 21.
Nbc5 Qd4 22. Bxf6 Bxf6 23. g4 hxg4 24. fxg4 Bxe4+ 25. Nxe4 Bxh4 26. g5 f5 27.
gxf6 Bxf6 28. Qg4 Kg7 29. Rg1 g5 30. Nxf6 Qd3+ 31. Ka1 Kxf6 32. Qxg5+ Ke6 33.
Qh6+ Rf6 34. Qc1 Qc4 35. Qe1 Qd4 36. a3 Rf2 37. Qc1 Kf5 38. Qc8+ Ke4 39. Qg4+
Rf4 40. Re1+ Kd5 41. Qd7+ Kc4 42. Qe6+ 1-0

[Event "14ème OPEN de GUINGAMP"]
[Site "Pabu"]
[Date "2010.02.25"]
[Round "7.3"]
[White "Bouvet, Laurent"]
[Black "Crouan, Stephane"]
[Result "0-1"]
[WhiteElo "2118"]
[BlackElo "2229"]
[Annotator "Bernard CLOAREC"]
[PlyCount "84"]
[EventDate "2010.??.??"]

1. e4 e5 2. f4 exf4 3. Nf3 d5 4. exd5 Nf6 5. Bb5+ c6 6. dxc6 Nxc6 7. d4 Bd6 8.
O-O O-O 9. c4 Bg4 10. Nc3 Rc8 11. Bxc6 bxc6 12. Kh1 h6 13. Qd3 g5 14. Ne2 Re8
15. Bd2 Qd7 16. Rae1 Bf5 17. Qc3 Ne4 18. Qc1 Nxd2 19. Qxd2 Re3 20. Nc3 Rce8 21.
Nd1 Rxe1 22. Rxe1 Rxe1+ 23. Qxe1 Qe6 24. Qxe6 fxe6 25. Nc3 Kf7 26. Kg1 Kf6 27.
c5 Bc7 28. b4 Bd3 29. Kf2 g4 30. Nd2 Kf5 31. g3 h5 32. a4 a6 33. Nb3 Bd8 34.
Ke1 h4 35. gxh4 Bxh4+ 36. Kd2 Bf1 37. Ne2 Bxe2 38. Kxe2 Ke4 39. b5 cxb5 40.
axb5 axb5 41. Na5 Kxd4 42. Nb7 Kd5 0-1

[Event "14ème OPEN de GUINGAMP"]
[Site "Pabu"]
[Date "2010.02.25"]
[Round "7.4"]
[White "Mogranzini, Roberto"]
[Black "Delalee, Paul"]
[Result "1-0"]
[WhiteElo "2415"]
[BlackElo "1966"]
[Annotator "Bernard CLOAREC"]
[PlyCount "47"]
[EventDate "2010.??.??"]

1. e4 c5 2. Nf3 d6 3. Nc3 Nf6 4. e5 dxe5 5. Nxe5 e6 6. g3 Be7 7. Bg2 O-O 8. O-O
Qc7 9. Re1 Nfd7 10. Nc4 Nc6 11. d3 Nf6 12. a4 Qd7 13. a5 Nd5 14. Bd2 Rb8 15.
Nxd5 exd5 16. Ne3 Bf6 17. Rb1 Ne7 18. b4 d4 19. Nc4 cxb4 20. Bxb4 Nd5 21. Bxf8
Kxf8 22. Qh5 Ne7 23. Ne5 Bxe5 24. Qxe5 1-0

[Event "14ème OPEN de GUINGAMP"]
[Site "Pabu"]
[Date "2010.02.25"]
[Round "7.5"]
[White "Migot, Tangi"]
[Black "Serafimov, Dimitar"]
[Result "1-0"]
[WhiteElo "2192"]
[BlackElo "2267"]
[Annotator "Bernard CLOAREC"]
[PlyCount "78"]
[EventDate "2010.??.??"]

1. e4 c6 2. d4 g6 3. Nc3 Bg7 4. Nf3 d5 5. h3 Nf6 6. Bd3 dxe4 7. Bxe4 Nxe4 8.
Nxe4 O-O 9. O-O Nd7 10. Bg5 h6 11. Be3 Nb6 12. Re1 Qd5 13. Ng3 Nc4 14. Bc1 b5
15. b3 Nd6 16. Bxh6 Bf6 17. Bxf8 Kxf8 18. c3 a5 19. Nf1 Ne8 20. Qd3 Be6 21.
N1d2 Rd8 22. Ne4 Kg7 23. Rac1 Nd6 24. Nxf6 exf6 25. c4 Qh5 26. cxb5 cxb5 27.
Rc5 Qh6 28. Qe3 Qh8 29. Rc7 Bd5 30. Qf4 g5 31. Qg4 Qh6 32. Ree7 Kg6 33. Rc5 Nf5
34. Re1 Be6 35. Qe4 Qh7 36. g4 Kg7 37. gxf5 Qxh3 38. Nh2 Bd7 39. Qf3 Qh7 1-0

[Event "14ème OPEN de GUINGAMP"]
[Site "Pabu"]
[Date "2010.02.25"]
[Round "7.6"]
[White "Daniel, Jean-Claude"]
[Black "Barbot, Pierre"]
[Result "0-1"]
[WhiteElo "1854"]
[BlackElo "2097"]
[Annotator "Bernard CLOAREC"]
[PlyCount "55"]
[EventDate "2010.??.??"]

1. d4 Nf6 2. Nf3 g6 3. Bg5 Bg7 4. e3 O-O 5. Be2 d5 6. O-O c5 7. c3 Nc6 8. Nbd2
b6 9. h3 Bb7 10. a4 Re8 11. Bf4 Nd7 12. e4 dxe4 13. Nxe4 Nxd4 14. cxd4 Bxe4 15.
Ng5 Bd5 16. dxc5 Nxc5 17. Qc2 Bb3 18. Qb1 Qd4 19. Be3 Qb4 20. Bb5 Red8 21. Rc1
a6 22. Bc6 Rac8 23. Bf3 Nxa4 24. Rxc8 Rxc8 25. Bb7 Rd8 26. Qe4 Qxe4 27. Nxe4
Bxb2 28. Re1 0-1

[Event "14ème OPEN de GUINGAMP"]
[Site "Pabu"]
[Date "2010.02.25"]
[Round "7.43"]
[White "Deslias, Alain"]
[Black "Juanico, Robert"]
[Result "0-1"]
[WhiteElo "1480"]
[BlackElo "1210"]
[Annotator "Bernard CLOAREC"]
[PlyCount "30"]
[EventDate "2010.??.??"]

1. e4 e5 2. Nf3 Nf6 3. Nc3 d5 4. exd5 Nxd5 5. Nxd5 Qxd5 6. c4 Qa5 7. Bd3 Bd6 8.
O-O Bg4 9. Be2 O-O 10. d4 e4 11. Bd2 Qh5 12. g3 exf3 13. Bxf3 Bxf3 14. Qc2 Qh3
15. Rfe1 Qg2# 0-1

[Event "14ème OPEN de GUINGAMP"]
[Site "Pabu"]
[Date "2010.02.26"]
[Round "8.1"]
[White "Leon Hoyos, Manuel"]
[Black "Jakubowski, Krzysztof"]
[Result "1-0"]
[WhiteElo "2516"]
[BlackElo "2502"]
[Annotator "Bernard CLOAREC"]
[PlyCount "91"]
[EventDate "2010.??.??"]

1. e4 c5 2. Nf3 d6 3. d4 cxd4 4. Nxd4 Nf6 5. Nc3 a6 6. h3 e6 7. g4 Be7 8. Bg2
O-O 9. Be3 Nc6 10. Qd2 Nd7 11. O-O-O Nxd4 12. Bxd4 b5 13. f4 b4 14. Na4 Rb8 15.
Kb1 e5 16. Ba7 Rb7 17. Be3 exf4 18. Bxf4 Ne5 19. b3 Qc7 20. Bf1 Bd7 21. Nb2 Bc6
22. Qe3 a5 23. Bxe5 dxe5 24. Bc4 a4 25. bxa4 Be8 26. Rhf1 Bc5 27. Qb3 Bd4 28.
Rf3 Qa5 29. Rdf1 Rc7 30. g5 Qc5 31. Bd5 Qe7 32. Nc4 Ra7 33. a5 Kh8 34. h4 Rc7
35. Rf5 g6 36. Rf6 Qc5 37. a3 bxa3 38. Qxa3 Qb5+ 39. Kc1 Rg8 40. Qb3 Qc5 41.
Rb6 Bc6 42. Rxc6 Rxc6 43. Rxf7 Rgc8 44. Bxc6 Qxc6 45. Qb4 Qe8 46. Qb7 1-0

[Event "14ème OPEN de GUINGAMP"]
[Site "Pabu"]
[Date "2010.02.26"]
[Round "8.2"]
[White "Mogranzini, Roberto"]
[Black "Genov, Petar"]
[Result "1/2-1/2"]
[WhiteElo "2415"]
[BlackElo "2473"]
[Annotator "Bernard CLOAREC"]
[PlyCount "74"]
[EventDate "2010.??.??"]

1. e4 c5 2. Nf3 e6 3. d4 cxd4 4. Nxd4 Nf6 5. Nc3 d6 6. g4 e5 7. Nf5 h5 8. Bg5
hxg4 9. Nd5 Bxf5 10. Bxf6 gxf6 11. exf5 Nc6 12. c3 Be7 13. Qxg4 Qa5 14. Bc4
O-O-O 15. h4 Rdg8 16. Qe4 Rg7 17. O-O-O Bd8 18. Qb1 Kb8 19. h5 Rh6 20. Ne3 Qc7
21. Ng4 Rhh7 22. h6 Rg5 23. Ne3 Rg8 24. f3 Rgh8 25. Ng4 Be7 26. Rh2 Rc8 27. Bd5
Qd8 28. f4 Qc7 29. Rh4 Rch8 30. Rdh1 Kc8 31. a3 a6 32. Qc2 Bd8 33. Rd1 Na7 34.
Qe4 Kb8 35. Bb3 Kc8 36. fxe5 dxe5 37. Rh3 Qe7 1/2-1/2

[Event "14ème OPEN de GUINGAMP"]
[Site "Pabu"]
[Date "2010.02.26"]
[Round "8.3"]
[White "Crouan, Stephane"]
[Black "Migot, Tangi"]
[Result "1-0"]
[WhiteElo "2229"]
[BlackElo "2192"]
[Annotator "Bernard CLOAREC"]
[PlyCount "63"]
[EventDate "2010.??.??"]

1. e4 c5 2. Nf3 d6 3. d4 cxd4 4. Nxd4 Nf6 5. Nc3 a6 6. Bg5 e6 7. f4 Qb6 8. Nb3
Nbd7 9. Qf3 Qc7 10. O-O-O b5 11. Bd3 Be7 12. Rhe1 Bb7 13. Kb1 h6 14. Bxf6 Nxf6
15. g4 Nd7 16. Qg3 b4 17. Ne2 O-O-O 18. c3 Qb6 19. cxb4 Qxb4 20. Ned4 Kb8 21.
Bxa6 Qb6 22. Bxb7 Kxb7 23. Qd3 Nc5 24. Qe3 Nxb3 25. Qxb3 Qxb3 26. Nxb3 h5 27.
g5 h4 28. Nd4 h3 29. Rd3 Rh4 30. Rb3+ Ka6 31. Rc1 Rd7 32. Rc4 1-0

[Event "14ème OPEN de GUINGAMP"]
[Site "Pabu"]
[Date "2010.02.26"]
[Round "8.4"]
[White "Barbot, Pierre"]
[Black "Aubry, Yannis"]
[Result "1/2-1/2"]
[WhiteElo "2097"]
[BlackElo "1956"]
[Annotator "Bernard CLOAREC"]
[PlyCount "62"]
[EventDate "2010.??.??"]

1. e4 e5 2. Nf3 d6 3. d4 Nf6 4. dxe5 Nxe4 5. Qd5 Nc5 6. Bg5 Be7 7. exd6 Qxd6 8.
Nc3 Be6 9. Qxd6 Bxd6 10. Nb5 Ne4 11. Nxd6+ Nxd6 12. O-O-O Nc6 13. g3 h6 14. Bf4
O-O-O 15. Bg2 Nc4 16. Kb1 Bf5 17. a3 g5 18. Bc1 Rhe8 19. Rxd8+ Rxd8 20. b3 Nd6
21. Re1 Ne4 22. Be3 Nc3+ 23. Kc1 f6 24. Bd2 Ne4 25. Be3 h5 26. h4 g4 27. Nd2
Nc3 28. Bxc6 bxc6 29. Bxa7 Na2+ 30. Kd1 Nc3+ 31. Kc1 Na2+ 1/2-1/2

[Event "14ème OPEN de GUINGAMP"]
[Site "Pabu"]
[Date "2010.02.26"]
[Round "8.5"]
[White "Colin, Vincent"]
[Black "Lisowski, Krzysztof"]
[Result "1-0"]
[WhiteElo "2437"]
[BlackElo "2152"]
[Annotator "Bernard CLOAREC"]
[PlyCount "93"]
[EventDate "2010.??.??"]

1. d4 d5 2. c4 c6 3. Nf3 Nf6 4. Nc3 e6 5. Bg5 dxc4 6. e4 b5 7. e5 h6 8. Bh4 g5
9. Bg3 Nd5 10. Be2 Qa5 11. O-O Nxc3 12. bxc3 Qxc3 13. a4 Bb7 14. Nd2 Qxd4 15.
Bh5 Nd7 16. Bxf7+ Kxf7 17. Qh5+ Kg7 18. Rad1 Nc5 19. Nb3 Nxb3 20. Rxd4 Nxd4 21.
f4 Bc5 22. Bf2 gxf4 23. Kh1 Rhf8 24. Qg4+ Kh7 25. Bxd4 Bxd4 26. Qxe6 Rg8 27.
Rxf4 Rg7 28. Rxd4 c5 29. Rg4 Rxg4 30. Qxg4 Rg8 31. Qf5+ Kh8 32. Kg1 Rxg2+ 33.
Kf1 Rg7 34. e6 c3 35. e7 Bc6 36. Qc8+ Kh7 37. Qxc6 Rf7+ 38. Kg2 Rxe7 39. axb5
c2 40. Qxc5 Rg7+ 41. Kh3 c1=Q 42. Qxc1 Rg5 43. Qc7+ Rg7 44. Qc5 Kh8 45. Kh4 Kh7
46. Kh5 Rf7 47. Qc2+ 1-0